LEADER 01100nam--2200373---450- 001 990001636850203316 005 20060214114107.0 035 $a000163685 035 $aUSA01000163685 035 $a(ALEPH)000163685USA01 035 $a000163685 100 $a20040505d19751925km-y0itay0103----ba 101 $aita 102 $aIT 105 $a||||||||001yy 200 1 $a<> "Cinque canti" di un nuovo libro di M. Ludovico Ariosto$fCesare Federico Goffis 210 $aGenova$cTilgher$d1975 215 $a52 p.$d24 cm 410 0$12001 454 1$12001 461 1$1001-------$12001 600 $aAriosto,$bLudovico$xCinque canti 676 $a851.3 700 $aGOFFIS,$bCesare Federico$0152704 801 0$bsalbc$gISBD 912 $a990001636850203316 951 $aVI.3.B. 1325(V B 693)$b80044 L.M.$cV B 959 $aBK 969 $aUMA 979 $aSIAV7$b10$c20040505$lUSA01$h1621 979 $aSIAV7$b10$c20040505$lUSA01$h1633 979 $aCOPAT2$b90$c20060214$lUSA01$h1141 996 $a"Cinque canti" di un nuovo libro di M. Ludovico Ariosto$9943376 997 $aUNISA LEADER 02521nam0 22004813i 450 001 VAN0248727 005 20230529020045.280 017 70$2N$a9783030570002 100 $a20220727d2020 |0itac50 ba 101 $aeng 102 $aCH 105 $a|||| ||||| 200 1 $aAsymptotic, Algebraic and Geometric Aspects of Integrable Systems$eIn Honor of Nalini Joshi On Her 60. Birthday, TSIMF, Sanya, China, April 9?13, 2018$fFrank Nijhoff, Yang Shi, Da-jun Zhang editors 210 $aCham$cSpringer$d2020 215 $aviii, 237 p.$cill.$d24 cm 410 1$1001VAN0102574$12001 $aSpringer proceedings in mathematics & statistics$1210 $aBerlin [etc.]$cSpringer$v338 500 1$3VAN0248728$aAsymptotic, Algebraic and Geometric Aspects of Integrable Systems$92052301 606 $a37-XX$xDynamical systems and ergodic theory [MSC 2020]$3VANC020363$2MF 606 $a00B25$xProceedings of conferences of miscellaneous specific interest [MSC 2020]$3VANC020732$2MF 606 $a37Jxx$xDynamical aspects of finite-dimensional Hamiltonian and Lagrangian systems [MSC 2020]$3VANC021391$2MF 606 $a37Kxx$xDynamical system aspects of infinite-dimensional Hamiltonian and Lagrangian systems [MSC 2020]$3VANC025075$2MF 610 $aCombinatorial geometry$9KW:K 610 $aDiscrete Painlevé equations$9KW:K 610 $aExactly solvable models$9KW:K 610 $aIntegrable lattices$9KW:K 610 $aRepresentation Theory$9KW:K 610 $aResolution and asymptotic analysis of initial of value space$9KW:K 610 $aSpecial and global behavior of solutions$9KW:K 610 $aSymmetries and geometry of discrete equations$9KW:K 610 $aTheory of special functions$9KW:K 620 $aCH$dCham$3VANL001889 702 1$aNijhoff$bFrank$3VANV203550 702 1$aShi$bYang$3VANV203551 702 1$aZhang$bDa-jun$3VANV203552 712 $aSpringer $3VANV108073$4650 801 $aIT$bSOL$c20240614$gRICA 856 4 $uhttp://doi.org/10.1007/978-3-030-57000-2$zE-book ? Accesso al full-text attraverso riconoscimento IP di Ateneo, proxy e/o Shibboleth 899 $aBIBLIOTECA DEL DIPARTIMENTO DI MATEMATICA E FISICA$1IT-CE0120$2VAN08 912 $fN 912 $aVAN0248727 950 $aBIBLIOTECA DEL DIPARTIMENTO DI MATEMATICA E FISICA$d08CONS e-book 4573 $e08eMF4573 20220727 996 $aAsymptotic, algebraic and geometric aspects of integrable systems$92052301 997 $aUNICAMPANIA